000 00856 a2200193 4500
003 NUST
005 20251111175238.0
040 _cNust
082 _a621.382,BUT
100 _aButt , NC Azer (TCC-10)
_9131810
245 _aSimulation of 3G Mobile system /
_cNC Azer Butt, NC Hamza Bin Tariq, PC Naveed Mumtaz, NC Junaid Hakeem and NC Syed Farhan Ali.
260 _aRawalpindi
_bMCS (NUST)
_c2002
300 _a116 p.;
505 _aIntroduction (Page-2), Service and Service Elements (Page-13), Networks Architecture (Page-22), MS Functionality (PAge-26), Protocols and Protocol Architecture (Page-28), Fundamental Procedures Within SMS (Page-99), Software Architecture (Page-105).
650 _aUG Projects
_998716
651 _aTCC-10
_9131808
700 _aSupervised by Maj Fazal Ahmed and External DS: Dr. Muid Mufti
_9131811
942 _cPR
_2ddc
999 _c182676
_d182676